000 01236nam a2200301 i 4500
001 000039234
003 DO-SdBNP
005 20260305073951.0
007 ta
008 130613s2012 dr ac 000 0 spa d
020 _a9789945883015
040 _aDO-SdBNP
_bspa
_cBNPHU
_erda
041 _aspa
082 _a972.9302
_bM938i
_222
100 1 _aMoya Pons, Frank,
_d1944-
_eautor
_92095
245 1 0 _aInvasión y conquista de La Española /
_cFrank Moya Pons.
264 _aSanto Domingo :
_bODEBRECHT,
_c2012.
300 _a205 páginas :
_bilustraciones retratos. ;
_c32 cm.
336 _ardacontent
_btexto
_2txt
337 _ardamedia
_bsin mediación
_2n
338 _ardacarrier
_bvolumen
_2nc
505 0 _aPrólogo --
_tEl encuentro : Colón y los Taínos (1492-1493) --
_tLa invasión española (1493-1500) --
_tUna economía minera (1501-1512) --
_tLos últimos indios (1513-1533) --
_tNotas --
_tFuentes de ilustraciones --
_tEl autor --
590 _aInventariado, 2019/MFF
651 0 _aRepública Dominicana --
_xHistoria --
_yDescubrimiento y conquista, 1492-1503
_9255
651 4 _aIsla Española (Haití Y República Dominicana{Rpara}
_xHistoria
_938883
910 _aValidado. Control de calidad MFF
942 _2ddc
_cLBS1
999 _c38724
_d38724